1276 1014 1103 1139 1700 1184 1734 1155 1709 1158 1906 1137 1025 1606 1931 1701 1655 1770 1826 1909 1558 1429 1297 1252 1895 1855 1712 1876 1938 1358 1687 1076 1775 1100 1756 1126 1101 1605 1138 1404 1267 1834 1251 1717 1191 1057 1133 1220 1980 1509 1329 1048 1189 1830 1511 1362 1492 1757 1906 1932 1548 1976 1122 1590 1516 1837 1734 1275 1539 1251 1338 1828 1810 1572 1057 1813 1492 1287 1984 1716 1976 1344 1437 1632 1724 1024 1497 1892 1436 1022 1968 1099 1623 1073 1263 1106 1341 1949 1068 BCNSPRNW ULIB Ver.6.0+V

เปลี่ยนเป็นภาษาไทย

Change to English
 แสดงรายละเอียดบรรณานุกรม
  กลับหน้าหลัก

Brief Record : Get Marc (ISO 2709) : E-mail record : QR code < ปิดหน้าต่าง
LEADER : 00000nam 2200000uu 4500
001    13399109787
003     ULIB
008    110411s2552||||th 000 0 tha d
020    9789744664198
060 04 WW290^bม321ต 2552
100 0  มัญชิมา มะกรวัฒนะ
245 10 ต้อหิน ภัยเงียบ-- ที่จะพรากแสงสว่างจากคุณไปตลอดกาล /^cมัญชิมา มะกรวัฒนะ
250    พิมพ์ครั้งที่ 1
260    ปทุมธานี :^bโรงพิมพ์มหาวิทยาลัยธรรมศาสตร์,^c2552
300    115 หน้า :^bภาพประกอบสี ;^c22 ซม.
650  2 Glaucoma
650  2 Glaucoma^xsurgery
650  7 ต้อหิน
650  7 ต้อหิน^xการรักษา
650  7 ตา, โรค
945    ^p120^l0^i027020
945    ^p120^l0^i027021
995    เกษร
999 ^a ใช้งานได้ทุกระบบ
รายการนี้ยังไม่มีแท็ก
คุณยังไม่ได้ล็อกอิน คุณสามารถมีกิจกรรมร่วมกับเว็บไซต์ได้ แต่ต้องล็อกอินก่อน ::
  ล็อกอิน

รายการสื่อสารสนเทศ

ลำดับที่ ประเภท เลขเรียก/บาร์โค้ด สถานที่ สถานะ
1. วิทยาศาสตร์การแพทย์ และสุขภาพ
หนังสือสำรอง
สถานะ=หนังสือสำรอง
WW290 ม321ต 2552 ฉ.1 
  Barcode: 027020
ห้องสมุดวิทยาเขตสวรรค์ประชารักษ์
►ส่วนจัดเก็บหนังสือเก่า สปร
บนชั้น
  ขอยืม

รายการใกล้เคียง
    ผู้แต่ง [มัญชิมา มะกรวัฒนะ]

    หัวเรื่อง [Glaucoma]
    หัวเรื่อง [ต้อหิน]
    หัวเรื่อง [ตา, โรค]

BibComment


ยังไม่เคยถูกคอมเมนท์

คอมเมนท์ทรัพยากรรายการนี้
  คอมเมนท์: ต้อหิน ภัยเงียบ ท..


 Copyright 2026. Bcnsprnw @Library